Tiếp thị xã hội các biện pháp tránh thai phi lâm sàng - trường hợp tỉnh Hải Dương /
محفوظ في:
| المؤلف الرئيسي: | |
|---|---|
| التنسيق: | مقال |
| اللغة: | Vietnamese |
| الموضوعات: | |
| الوسوم: |
إضافة وسم
لا توجد وسوم, كن أول من يضع وسما على هذه التسجيلة!
|
| Thư viện lưu trữ: | Thư viện Trường Đại học Đà Lạt |
|---|
| LEADER | 00881nam a2200313 4500 | ||
|---|---|---|---|
| 001 | DLU040000408 | ||
| 040 | # | # | |a DLU |b vie |
| 041 | # | # | |a vie |
| 044 | # | # | |a vn |
| 100 | # | # | |a Nguyễn Thanh |
| 245 | # | # | |a Tiếp thị xã hội các biện pháp tránh thai phi lâm sàng - trường hợp tỉnh Hải Dương / |c Nguyễn Thanh |
| 651 | # | # | |a Hải Dương |
| 653 | # | # | |a Chăm sóc sức khoẻ |
| 653 | # | # | |a Sức khoẻ sinh sản |
| 653 | # | # | |a Tránh thai |
| 773 | # | # | |t Xã hội học |g Số 1, 1998, tr 106 - 111 |
| 920 | # | # | |a Phòng Tạp chí -- Trung tâm Thông tin - Thư viện Trường Đại học Đà Lạt |
| 933 | # | # | |a CP |
| 933 | # | # | |a VN |
| 933 | # | # | |a XH |
| 994 | # | # | |a DLU |
| 900 | # | # | |a True |
| 911 | # | # | |a Trần Văn Thống Nhất |
| 925 | # | # | |a G |
| 926 | # | # | |a A |
| 927 | # | # | |a BB |
| 980 | # | # | |a Thư viện Trường Đại học Đà Lạt |